<?xml version="1.0" encoding="UTF-8"?><?xml-stylesheet type="text/xsl" href="static/style.xsl"?><OAI-PMH xmlns="http://www.openarchives.org/OAI/2.0/" xmlns:xsi="http://www.w3.org/2001/XMLSchema-instance" xsi:schemaLocation="http://www.openarchives.org/OAI/2.0/ http://www.openarchives.org/OAI/2.0/OAI-PMH.xsd"><responseDate>2026-06-07T17:24:55Z</responseDate><request verb="GetRecord" identifier="oai:docta.ucm.es:20.500.14352/123315" metadataPrefix="marc">https://docta.ucm.es/rest/oai/request</request><GetRecord><record><header><identifier>oai:docta.ucm.es:20.500.14352/123315</identifier><datestamp>2025-08-21T12:19:18Z</datestamp><setSpec>com_20.500.14352_14</setSpec><setSpec>col_20.500.14352_15</setSpec></header><metadata><record xmlns="http://www.loc.gov/MARC21/slim" xmlns:dcterms="http://purl.org/dc/terms/" xmlns:xsi="http://www.w3.org/2001/XMLSchema-instance" xmlns:doc="http://www.lyncode.com/xoai" xsi:schemaLocation="http://www.loc.gov/MARC21/slim http://www.loc.gov/standards/marcxml/schema/MARC21slim.xsd">
   <leader>00925njm 22002777a 4500</leader>
   <datafield ind2=" " ind1=" " tag="042">
      <subfield code="a">dc</subfield>
   </datafield>
   <datafield ind2=" " ind1=" " tag="720">
      <subfield code="a">Mustafa, Rozina Ghulam</subfield>
      <subfield code="e">author</subfield>
   </datafield>
   <datafield ind2=" " ind1=" " tag="720">
      <subfield code="a">Andleeb, Saiqa</subfield>
      <subfield code="e">author</subfield>
   </datafield>
   <datafield ind2=" " ind1=" " tag="720">
      <subfield code="a">Domínguez, Jorge</subfield>
      <subfield code="e">author</subfield>
   </datafield>
   <datafield ind2=" " ind1=" " tag="720">
      <subfield code="a">Abbasi, Wajid Arshad</subfield>
      <subfield code="e">author</subfield>
   </datafield>
   <datafield ind2=" " ind1=" " tag="720">
      <subfield code="a">Ali, Shaukat</subfield>
      <subfield code="e">author</subfield>
   </datafield>
   <datafield ind2=" " ind1=" " tag="720">
      <subfield code="a">Fernández Marchán, Daniel</subfield>
      <subfield code="e">author</subfield>
   </datafield>
   <datafield ind2=" " ind1=" " tag="260">
      <subfield code="c">2023-03-15</subfield>
   </datafield>
   <datafield ind2=" " ind1=" " tag="520">
      <subfield code="a">Earthworm diversity and ecology in Pakistan is poorly known, especially in the region of Azad Jammu &amp; Kashmir. An earthworm community survey assisted by genetic barcoding detected an unidentified species which could constitute a new record for Pakistan. Morphological study revealed its identity as Perelia kaznakovi. Additionally, Bayesian phylogenetic inference based on five mitochondrial and nuclear molecular markers was performed. Results provided a phylogenetic placement of the genus Perelia within Lumbricidae for the first time, indicating a close relationship with Eophila. This approach should be implemented to Perelia arnoldiana and further representatives of the genus in order to understand their biogeography, diversity and evolutionary history.</subfield>
   </datafield>
   <datafield ind1="8" ind2=" " tag="024">
      <subfield code="a">Mustafa, R. G., Andleeb, S., Domínguez, J., &amp; Abbasi, W. A. (2023). New Earthworm Record from Division Muzaffarabad, Azad Kashmir, Pakistan Supported by Molecular Markers. Zootaxa, 5255(1), 93–100. https://doi.org/10.11646/zootaxa.5255.1.13</subfield>
   </datafield>
   <datafield ind1="8" ind2=" " tag="024">
      <subfield code="a">1175-5326</subfield>
   </datafield>
   <datafield ind1="8" ind2=" " tag="024">
      <subfield code="a">10.11646/zootaxa.5255.1.13</subfield>
   </datafield>
   <datafield ind1="8" ind2=" " tag="024">
      <subfield code="a">https://hdl.handle.net/20.500.14352/123315</subfield>
   </datafield>
   <datafield ind1="8" ind2=" " tag="024">
      <subfield code="a">1175-5334</subfield>
   </datafield>
   <datafield ind1="8" ind2=" " tag="024">
      <subfield code="a">https://doi.org/10.11646/zootaxa.5255.1.13</subfield>
   </datafield>
   <datafield ind2="0" ind1="0" tag="245">
      <subfield code="a">New Earthworm Record from Division Muzaffarabad, Azad Kashmir, Pakistan Supported by Molecular Markers</subfield>
   </datafield>
</record></metadata></record></GetRecord></OAI-PMH>